| 000 | 01010nam0a22002411 4500 | ||
|---|---|---|---|
| 001 | rc\675496 | ||
| 005 | 20031121165805.1 | ||
| 035 | _a(NLR Aleph) 005913488 | ||
| 090 |
_a6401322 _c6401322 |
||
| 100 | _a20031121d1986 u |0rusy50 ca | ||
| 101 | 0 | _arus | |
| 102 | _aRU | ||
| 105 | _aa ||||||||| | ||
| 200 | 1 |
_aРасчет аппаратов пищевых производств, торговли и общественного питания _eУчеб. пособие [для студентов спец. 0517] _fМ-во высш. и сред. спец. образования РСФСР, Ленингр. технол. ин-т холодил. пром-сти |
|
| 210 |
_aЛ. _cЛенингр. технол. ин-т _cЛТИХП _d1986 |
||
| 215 |
_a78 с. _cил. _d20 |
||
| 320 | _aБиблиогр.: с. 77 | ||
| 700 | 1 |
_aХарламов _bС. В. _f1924- _gСергей Васильевич |
|
| 801 | 0 |
_aRU _bNLR _gpsbo |
|
| 801 | 1 |
_aRU _bELAR _2rusmarc |
|
| 852 |
_aNLR _j88-4/4647 |
||
| 942 | _cBOOK | ||
| 980 | _aNB | ||